Normal view
MARC view
- AADR
Entry Personal Name
001 - CONTROL NUMBER
- control field: 214797
003 - CONTROL NUMBER IDENTIFIER
- control field: OSt
005 - DATE AND TIME OF LATEST TRANSACTION
- control field: 20251104115924.0
008 - FIXED-LENGTH DATA ELEMENTS
- fixed length control field: 251104|| aca||aabn | a|a d
040 ## - CATALOGING SOURCE
- Original cataloging agency: OSt
- Transcribing agency: OSt
100 ## - HEADING--PERSONAL NAME
- Personal name: AADR
670 ## - SOURCE DATA FOUND
- Source citation: Work cat.: (OSt)369067: AADR, Sac Journal 1 : A New Manifold, 2014